|
|
|
|
| LEADER |
00000naa0a2200000 4500 |
| 001 |
602568 |
| 005 |
20250303130417.0 |
| 035 |
|
|
|a (RuTPU)RU\TPU\tpu\28465
|
| 035 |
|
|
|a RU\TPU\tpu\19592
|
| 090 |
|
|
|a 602568
|
| 100 |
|
|
|a 20160620d2012 k||y0rusy50 ba
|
| 101 |
0 |
|
|a eng
|
| 102 |
|
|
|a RU
|
| 200 |
1 |
|
|a Arc plasma-assisted deposition of nanocrystalline coatings
|f O. V. Krysina [et al.]
|
| 330 |
|
|
|a The paper considers peculiarities of vacuum arc plasma-assisted deposition of multicomponent nanocrystalline coatings based on titanium nitride. Advantages and prospects of the modified ion plasma setup used for coating deposition are described. The effect of added elements on the structural phase state and characteristics of titanium nitride-based coatings is demonstrated.
|
| 333 |
|
|
|a В фонде НТБ ТПУ отсутствует
|
| 463 |
|
|
|t 25th International Symposium on Discharges and Electrical Insulation in Vacuum (ISDEIV)
|v P. 537-540
|d 2012
|
| 610 |
1 |
|
|a труды учёных ТПУ
|
| 701 |
|
1 |
|a Krysina
|b O. V.
|
| 701 |
|
1 |
|a Koval
|b N. N.
|c specialist in the field of electronics
|c Professor of Tomsk Polytechnic University, Doctor of technical sciences
|f 1948-
|g Nikolay Nikolaevich
|3 (RuTPU)RU\TPU\pers\34748
|
| 701 |
|
1 |
|a Ivanov
|b Yu. F.
|c physicist
|c Professor of Tomsk Polytechnic University, Doctor of physical and mathematical sciences
|f 1955-
|g Yuriy Fedorovich
|3 (RuTPU)RU\TPU\pers\33559
|
| 701 |
|
1 |
|a Shugurov
|b V. V.
|
| 801 |
|
1 |
|a RU
|b 63413507
|c 20110728
|
| 801 |
|
2 |
|a RU
|b 63413507
|c 20160620
|g RCR
|
| 942 |
|
|
|c BK
|